000 01274nam a2200253Ia 4500
003 Ost
005 20260507075404.0
008 260507s9999||||xx |||||||||||||| ||und||
020 _a69343279779
040 _cfsecg
041 _aara
082 _a330
100 _aالشرقاوي، عبد الحكيم مصطفى
_eمؤلف
245 0 _aعدوى الأزمات المالية :
_bالعولمة المالية وإمكانات التحكم /
_c عبد الحكيم مصطفى الشرقاوي
260 _aالإسكندرية:
_bمكتبة الوفاء القانونية,
_c2012
300 _a240 صفحة؛
_bإيضاحات ؛
_c25 سم
504 _aالمراجع ص.229
520 _aيضم نظام النقد الدولي والأزمات المالية، إضطراب الأسواق المالية ، نشوء الأزمات المالية ، الأزمات المالية الأسيوية، دور صندوق النقد الدولي في الأزمات المالية ، سوق الصرف المصري وعدوى الأزمات المالية
653 _aالأزمات الإقتصادية
653 _aالأزمات المالية
653 _aالأسواق المالية- الأزمات
653 _aالعولمة
942 _cكتاب
999 _c44294
_d44294